Documento politico e statuto dell'Associazione Nazionale Arcilesbica approvato dal 1. congresso : Padova 14 e 15 dicembre 1996.
Salvato in:
| Ente Autore: | |
|---|---|
| Natura: | Libro |
| Lingua: | italiano |
| Pubblicazione: |
[S.l.] :
Arcilesbica,
s1996
|
| Tags: |
Nessun Tag, puoi essere il primo ad aggiungerne!!
|
MARC
| LEADER | 00000nam a22000007i 4500 | ||
|---|---|---|---|
| 001 | IT\ICCU\UBO\3583296 | ||
| 003 | ItRI | ||
| 005 | 20260115232219.0 | ||
| 008 | 090226s1996 it |||||| ||||| |||||c | ||
| 040 | |b ita |c importazione bologna sebina | ||
| 041 | 7 | |a ita |2 ISO-639-2 | |
| 110 | 2 | |a Arcilesbica Associazione Nazionale |0 IT\ICCU\UBOV\309360 |4 aut | |
| 245 | 0 | 0 | |a Documento politico e statuto dell'Associazione Nazionale Arcilesbica approvato dal 1. congresso : |b Padova 14 e 15 dicembre 1996. |
| 260 | |a [S.l.] : |b Arcilesbica, |c s1996 | ||
| 300 | |a 22 p. ; |c 21 cm | ||
| 500 | |a Tit. della cop. | ||
| 942 | |2 ddc |c BK |n 0 | ||
| 952 | |0 0 |1 0 |4 0 |6 L_323_340000000000000_ARC |7 0 |9 22113 |a BO |b BO |d 2026-01-15 |i 11353 |l 0 |o L 323.340 ARC |p BO11353 |r 2026-01-15 23:22:19 |w 2026-01-15 |x [Sebina 7] [1 v.] |y BK |z 1 v. | ||
| 999 | |c 18900 |d 18900 | ||